[Event "Biel"]
[Site "19"]
[Date "1986.07.27"]
[Round "7"]
[White "Hort, Vlastimil"]
[Black "Rogers, Ian"]
[Result "1-0"]
[WhiteElo "2545"]
[BlackElo "2515"]
[Annotator "JvR"]
[PlyCount "67"]
[EventDate "1986.07.20"]
[SourceDate "2013.10.27"]

1. d4 Nf6 2. Nf3 e6 3. c4 Bb4+ 4. Bd2 Qe7 5. g3 Nc6 6. Bg2 Bxd2+ 7. Nbxd2 d6 8.
O-O a5 9. e4 O-O 10. d5 Nb8 11. dxe6 Bxe6 12. Nd4 $5 Nc6 13. Nb5 $5 Ne5 14. Qe2
c6 15. Nc3 Ned7 16. h3 Nc5 17. f4 $1 {The chances are even.} Rfe8 18. Nb3 Nxb3
19. axb3 Qc7 20. Qf2 Rab8 21. Rac1 b6 22. Rfd1 Red8 $5 23. Qe3 h6 $2 {
Black creates a weakness.} 24. g4 $1 Nh7 25. Rd3 Qe7 26. Ne2 Nf8 27. Rcd1 b5
28. cxb5 cxb5 (28... Rxb5 $5 29. f5 $1 Bc8 30. Nd4 Rc5 31. f6 Qxf6 32. Nxc6
Rxc6 33. e5 {also wins for White.}) 29. f5 $1 Bd7 ({Or} 29... Bc8 30. e5) 30.
Rxd6 Re8 31. Qd4 Bc8 32. Ng3 Nd7 33. Nh5 $1 Qg5 $6 {
Rogers allows a wonderful finish.} ({Or} 33... Qe5 34. Rxd7 Bxd7 35. Qxe5 Rxe5
36. Rxd7 {and White wins.}) 34. Rg6 $3 {Hort took the sole lead.} 1-0

[Event "Biel"]
[Site "19"]
[Date "1986.07.27"]
[Round "7"]
[White "Lobron, Eric"]
[Black "Greenfeld, Alon"]
[Result "0-1"]
[WhiteElo "2515"]
[BlackElo "2510"]
[Annotator "JvR"]
[PlyCount "82"]
[EventDate "1986.07.20"]
[SourceDate "2013.10.27"]

1. Nf3 Nf6 2. d4 d5 3. c4 e6 4. Nc3 Be7 5. Bg5 h6 6. Bh4 O-O 7. e3 b6 8. Bd3
Bb7 9. O-O Nbd7 10. Rc1 c5 11. Qe2 Ne4 12. Bg3 cxd4 13. exd4 Nxg3 14. hxg3 dxc4
15. Bxc4 Nf6 16. Rfd1 Bb4 17. Ne5 Qe7 18. a3 $5 Bxc3 19. Rxc3 Rac8 20. Re3 Rc7
$6 ({More solid is} 20... Nd5 21. Re4 Rc7) 21. Nxf7 $1 {Lobron attacks.} Rxc4
$5 (21... Rxf7 $1 22. Bxe6 Qd6 {equalises.}) 22. Nxh6+ $1 gxh6 23. Qxc4 Bd5 24.
Qc2 Qg7 25. g4 $2 ({Right is} 25. Rc3 $1 Ne8 26. Rc8) 25... h5 $1 (25... Nxg4
$2 26. Rg3 Kh8 27. f3 Ne3 28. Rxg7 Nxc2 29. Rxa7 {favours White.}) 26. g5 Ng4
27. Rc3 Qxg5 28. Rc8 Nf6 29. f3 h4 $2 (29... Bxf3 $1 {wins at once.}) 30. Qc1
Qg3 31. Rxf8+ Kxf8 32. Qc8+ $2 ({Preferable is} 32. Qd2) 32... Ke7 33. Rc1 Ne8
$1 34. Qc2 Bxf3 35. Qf2 Qg5 $1 36. Rc3 Bd5 37. Kh2 Nf6 38. Kh3 Be4 39. g4 hxg3
40. Qxg3 Qh5+ 41. Qh4 Bg2+ $5 {The counteraction decided the game.} (41... Bg2+
42. Kg3 Qxh4+ 43. Kxh4 Kd6 {wins for Black.}) 0-1

[Event "Biel"]
[Site "19"]
[Date "1986.07.28"]
[Round "8"]
[White "Huebner, Robert"]
[Black "Hug, Werner"]
[Result "1-0"]
[WhiteElo "2620"]
[BlackElo "2455"]
[Annotator "JvR"]
[PlyCount "89"]
[EventDate "1986.07.20"]
[SourceDate "2013.10.27"]

1. e4 e6 2. d4 d5 3. Nd2 Nc6 4. Ngf3 Nf6 5. e5 Nd7 6. Nb3 a6 7. Ng5 Qe7 8. c3
$5 {White controls more territory.} (8. f4 {
drew in Kristiansen - Hug, Buenos Aires 1978.}) 8... b6 9. Bd3 Bb7 $2 ({
Better is} 9... h6 10. Nf3 Bb7) 10. Qe2 $2 (10. Nxh7 $1 Rxh7 $5 11. Bxh7 g6 12.
h4 {wins for White.}) 10... g6 $5 11. h4 h6 12. Nf3 a5 13. Bf4 O-O-O 14. a3 f5
15. Nbd2 Qf7 $5 16. Qe3 Bg7 17. b4 Rdg8 18. Rg1 Bf8 19. g4 $5 fxg4 20. Rxg4 a4
$5 {The queenside remains closed.} 21. Bb5 Qf5 22. Rg1 Qc2 23. Ke2 $1 Qf5 24.
Bxa4 {White has gained a pawn.} Ne7 25. b5 Qh5 26. Bc2 Rh7 27. Nf1 Rf7 28. Ng3
Qg4 29. Nf5 $1 Qh5 $1 30. Nxh6 $1 Bxh6 31. Bxh6 Rxf3 $2 {
Hug misses the best defence.} (31... Nxe5 $1 32. Qxe5 $1 Qxf3+ 33. Kd2 Qxf2+
34. Qe2 {(Hübner)} Qxe2+ 35. Kxe2 Nf5 {defends properly.}) 32. Qxf3 Qxh6 33.
Rg3 $1 Rf8 34. Qg4 Nf5 35. Bxf5 gxf5 36. Qg5 Qh7 37. f4 c6 38. a4 Rh8 39. Rh1
cxb5 40. axb5 Kc7 41. h5 $1 Qf7 42. Qg7 Qe8 43. h6 Qa8 44. Kf3 Rd8 45. h7 $1 {
Hübner won one game.} 1-0

[Event "Biel"]
[Site "19"]
[Date "1986.07.31"]
[Round "10"]
[White "Polugaevsky, Lev"]
[Black "Klinger, Josef"]
[Result "1-0"]
[WhiteElo "2575"]
[BlackElo "2430"]
[Annotator "JvR"]
[PlyCount "45"]
[EventDate "1986.07.20"]
[SourceDate "2013.10.27"]

1. Nf3 Nf6 2. c4 b6 3. g3 e6 4. Bg2 Bb7 5. d4 Be7 6. Nc3 Ne4 7. Bd2 f5 8. Qc2
Nxc3 9. Bxc3 Be4 10. Qd2 $5 d5 $5 11. cxd5 exd5 12. O-O O-O 13. Bh3 $1 Qd6 $2 (
13... Qe8 $1 14. Ne5 Qh5 15. Bg2 Bxg2 16. Kxg2 Qe8 $1 17. Rac1 Nc6 {
keeps the equality.}) 14. Ne5 $1 f4 15. f3 Bf5 16. Bxf5 Rxf5 17. gxf4 Nd7 18.
e4 Rff8 19. Kh1 $1 Rad8 20. Rad1 g6 $5 21. Rg1 Kh8 $5 22. f5 $1 g5 ({
The pointe is} 22... gxf5 23. Ng6+ $1 hxg6 24. Qh6+) 23. Qe2 {Polugaevsky,
Hort and Lobron shared the lead at the end of the penultimate round.} 1-0

[Event "Biel"]
[Site "19"]
[Date "1986.08.01"]
[Round "11"]
[White "Hug, Werner"]
[Black "Polugaevsky, Lev"]
[Result "0-1"]
[WhiteElo "2455"]
[BlackElo "2575"]
[Annotator "JvR"]
[PlyCount "86"]
[EventDate "1986.07.20"]
[SourceDate "2013.10.27"]

{Hort drew quickly in the last round. Polugaevsky and Lobron fought for the
first place.} 1. Nf3 Nf6 2. g3 d5 3. Bg2 c6 4. O-O Bf5 5. d3 e6 6. Nc3 h6 7.
Qe1 Be7 8. e4 Bh7 9. Qe2 O-O 10. Ne5 Nbd7 $5 ({Known is} 10... Na6) 11. Nxd7
Qxd7 12. e5 Ne8 13. f4 f5 $6 ({Preferable is} 13... Bc5+) 14. d4 c5 15. Be3
cxd4 16. Bxd4 a6 17. a4 Rc8 18. Qd3 Bg6 19. Bf3 Nc7 20. Be2 Qe8 21. Qf3 Kh8 22.
Kg2 Na8 23. h3 Rc6 24. Bd3 $5 Nb6 $1 25. Ne2 Nc4 $1 {
Black takes the initiative.} 26. Rad1 Rc8 $5 27. b3 Na5 28. Be3 $6 Nc6 29. Nd4
$2 ({Correct is} 29. c3 Bh5 30. Qf2 Na5 31. Rb1 {
and White has little advantage.}) 29... Bh5 $1 30. g4 fxg4 31. hxg4 Nxe5 $1 32.
Qg3 Nxg4 33. Bg1 Bb4 34. c4 Nf6 35. Rc1 Ne4 36. Bxe4 dxe4 37. Be3 Rf6 38. Kh2
Rg6 39. Qf2 Bg4 40. Rg1 Bd6 41. Rg2 e5 42. fxe5 Qxe5+ 43. Kg1 Qh5 {
Polugaevsky scored the needed win.} 0-1

[Event "Biel"]
[Site "19"]
[Date "1986.08.01"]
[Round "11"]
[White "Lobron, Eric"]
[Black "Kortschnoj, Viktor"]
[Result "1-0"]
[WhiteElo "2515"]
[BlackElo "2650"]
[Annotator "JvR"]
[PlyCount "65"]
[EventDate "1986.07.20"]
[SourceDate "2013.10.27"]

1. Nf3 Nf6 2. c4 e6 3. d4 Bb4+ 4. Nbd2 c5 5. a3 Bxd2+ 6. Bxd2 cxd4 7. Nxd4 d5
8. cxd5 Qxd5 9. e3 O-O 10. Bb4 $5 Rd8 ({A novelty will become} 10... Re8 $5)
11. Be7 Rd7 12. Bxf6 gxf6 13. Qg4+ Kf8 14. Be2 Nc6 15. Bf3 $1 Qd6 $6 ({
Preferable is} 15... Ne5 $1 16. Bxd5 Nxg4) 16. Rd1 $1 Ne5 $2 ({Correct is} 
16... Nxd4 $1 17. Rxd4 Qe5 18. O-O Rxd4 19. exd4 Qg5 20. Qe4 {
and White has an edge.}) 17. Qh4 Nxf3+ 18. gxf3 Qe5 (18... e5 19. Qh6+ Ke8 20.
Rg1 exd4 21. Rg8+ Ke7 22. Rxd4 Qc6 23. Re4+ Kd6 24. Qf4+ {
wins for White (Lobron).}) 19. Rg1 $1 h5 20. f4 $5 Qa5+ 21. b4 Qxa3 22. Qxf6 $1
Qxb4+ 23. Kf1 Qc4+ 24. Kg2 b6 25. Kh3 $1 Rd5 26. Rc1 e5+ 27. f5 Qxc1 28. Rxc1
exd4 29. Rc7 Bxf5+ 30. Kh4 Rd7 31. Rxd7 Bxd7 32. Qh8+ Ke7 33. Qxa8 {Lobron had
crushed Kortschnoj. The final standings became: Lobron and Polugaevsky 7/11,
Cebalo and Hort 61/2, Greenfeld, Miles and Nunn 6, Hübner and Rogers 51/2,
Kortschnoj 5, Klinger 31/2, Hug 11/2.} 1-0

[Event "Biel"]
[Site "20"]
[Date "1987.07.15"]
[Round "1"]
[White "Huebner, Robert"]
[Black "Hort, Vlastimil"]
[Result "0-1"]
[WhiteElo "2610"]
[BlackElo "2570"]
[Annotator "JvR"]
[PlyCount "110"]
[EventDate "1987.07.??"]
[SourceDate "2013.10.27"]

{The twentieth Schachfestival was played in Biel from 15 until 30 vii 1987.
Seven men and one woman carried out double rounds in the grandmaster group.
More than 1000 peoples participated in the festival. The Polgar sisters
starred in the news.} 1. e4 Nf6 2. e5 Nd5 3. d4 d6 4. c4 Nb6 5. f4 dxe5 6. fxe5
Nc6 7. Be3 Bf5 8. Nc3 e6 9. Nf3 Bg4 10. Qd2 Bb4 11. a3 Be7 12. Ne4 $5 Qd7 13.
Be2 O-O-O 14. O-O-O $6 {The king becomes vulnerable.} ({Preferable is} 14. O-O)
14... Bf5 $1 15. Ng3 Bg6 16. h4 $2 ({Better is} 16. Bd3) 16... Nb4 $1 17. b3 ({
The pointe is} 17. axb4 Qa4 18. Bd3 Nxc4 $1 {(Hort).}) 17... Nc2 $1 18. c5 Qc6
$1 19. Bd3 Nxe3 20. Qxe3 Nd5 21. Qf2 ({Or} 21. Qd2 Bxc5 22. dxc5 Qxc5+ $1)
21... Bxd3 22. Rxd3 Qa6 $1 23. Rhd1 Qxa3+ {Black has gained a pawn.} 24. Qb2
Qxb2+ 25. Kxb2 f5 26. Ne2 h6 27. h5 g5 28. hxg6 Rdg8 29. Rh1 Rxg6 30. g3 h5 31.
Rh3 Rg4 32. Nc3 Nxc3 33. Kxc3 Kd7 34. b4 c6 35. Nd2 b5 36. Kc2 Kc7 37. Kd1 f4
$6 (37... h4 38. gxh4 Rhxh4 {creates a protected passed pawn.}) 38. gxf4 Rxf4
39. Ke2 h4 40. Ke3 Rg4 41. Ne4 Rg1 42. Ra3 Kb8 43. Rh2 Rf8 44. Raa2 Rb1 45. Nf6
$5 Bxf6 46. exf6 Rxf6 47. Rxh4 Rf7 48. Ke4 Rd7 49. Ke5 Rxb4 50. Rd2 a5 51. Kxe6
Kc7 52. Ke5 Re7+ 53. Kf6 Rd7 54. Ke5 a4 55. Ke4 Rc4 {Hort made a good start.}
0-1

[Event "Biel"]
[Site "20"]
[Date "1987.07.16"]
[Round "2"]
[White "Campora, Daniel"]
[Black "Gulko, Boris"]
[Result "1-0"]
[WhiteElo "2545"]
[BlackElo "2565"]
[Annotator "JvR"]
[PlyCount "101"]
[EventDate "1987.07.??"]
[SourceDate "2013.10.27"]

1. e4 e6 2. d4 d5 3. Nc3 Bb4 4. e5 b6 5. Qg4 Bf8 6. Nd1 c5 $5 7. c3 Nc6 8. Nf3
Qc7 9. Bf4 Nge7 10. Rc1 Ng6 11. Bd2 f5 12. Qh5 Be7 13. h4 Bd7 14. g4 O-O-O 15.
gxf5 exf5 16. Bd3 $5 Rdf8 17. Ng5 c4 18. Bc2 Nd8 19. Ne3 Qb7 20. Ng2 Bxg5 21.
hxg5 Ne6 22. f4 Qa6 23. Ra1 Ba4 24. b3 $6 Bxb3 $1 25. Bxb3 cxb3 26. Qe2 Qa3 $6
27. Qb5 b2 28. Rb1 Qxa2 29. Rxb2 Qc4 30. Qxc4+ dxc4 31. Rb4 Ne7 32. Rxc4+ Kb7
33. Ke2 b5 34. Rb1 a6 35. Ra4 Nd5 36. Ne3 $6 Nexf4+ 37. Kf3 Nxe3 38. c4 $6 Nxc4
39. Rxc4 Nd5 $6 40. Rc5 Rd8 41. Ba5 Rd7 42. Rbc1 h6 43. g6 b4 $6 44. R5c4 Re8
45. Bxb4 Re6 46. Bd6 Rxg6 47. Rb1+ Ka7 $4 ({Right is} 47... Nb6 48. Kf4 a5 49.
Kxf5 Rg5+) 48. Rc6 Ne7 49. Rcb6 f4 50. e6 Rd8 51. Bxe7 {
Gulko lost a messy game.} 1-0

[Event "Biel"]
[Site "20"]
[Date "1987.07.16"]
[Round "2"]
[White "Romanishin, Oleg"]
[Black "Polgar, Zsuzsa"]
[Result "1-0"]
[WhiteElo "2555"]
[BlackElo "2485"]
[Annotator "JvR"]
[PlyCount "131"]
[EventDate "1987.07.??"]
[SourceDate "2013.10.27"]

1. c4 g6 2. d4 Nf6 3. g3 c5 4. Nf3 Bg7 5. Bg2 O-O 6. O-O d6 7. b3 Nc6 8. Bb2
cxd4 9. Nxd4 Bd7 10. Nc3 Qa5 11. e3 Rfc8 12. Qe2 Rab8 13. Rfd1 a6 14. Rac1 $5
Na7 $6 {Black has a wrong plan.} ({Preferable is} 14... Bg4 15. Nxc6 Rxc6 16.
Bf3 Bxf3 17. Qxf3 {and equality.}) 15. a3 b5 $5 16. b4 Qd8 17. cxb5 axb5 18. h3
Rc7 19. e4 {Romanishin goes forwards slowly.} Qe8 20. Nd5 Nxd5 21. exd5 Rbc8
22. Nb3 Bxb2 23. Qxb2 Qf8 24. Qd4 Rxc1 25. Rxc1 Rxc1+ 26. Nxc1 Nc8 27. Ne2 Qg7
$2 ({Correct is} 27... Qd8 28. Qc3 Nb6 29. Nd4 e5 30. dxe6 fxe6 31. Bf1 Nd5 32.
Qf3 Qb8) 28. Qc3 Qxc3 29. Nxc3 {White controls more territory in the endgame.}
g5 $5 30. Bf1 Na7 31. f3 $2 {He misses a ractical trick.} (31. a4 $1 bxa4 32.
b5 Nxb5 33. Bxb5 Bxh3 34. Bxa4 {gains a piece for two pawns.}) 31... Kf8 32.
Kf2 $5 Ke8 33. Ke3 Kd8 34. g4 Kc7 35. Bd3 h6 36. Bh7 Nc8 37. Bd3 Kb6 38. Ne4
Kc7 39. Kd4 e5+ $2 ({Preferable is} 39... Kb6) 40. Ke3 $1 Ne7 $2 (40... Kd8 $1
41. Nf6 Nb6 $1 42. Nxd7 Nxd5+ $1 43. Kd2 Kxd7 44. Bxb5+ Ke7 {
tries to survive in the fortress.}) 41. Nf6 Ng6 42. Nxd7 $1 Kxd7 43. Bxg6 $5 (
43. Bxb5+ Kc7 44. Ke4 Nf4 45. Bf1 {wins easily.}) 43... fxg6 44. Kd3 Kc7 45.
Kc3 Kb6 46. Kb3 Ka6 47. a4 $1 {He creates a distant passed pawn.} Kb6 48. axb5
Kxb5 49. Kc3 Ka6 50. Kb2 $1 Kb6 51. Ka3 Kb5 52. Kb3 {
The white king has made a triangle.} Kb6 53. Ka4 $1 Ka6 54. b5+ Kb6 55. Kb4 Kb7
56. Ka5 $1 Ka7 57. b6+ Kb7 58. Kb5 h5 59. Ka5 $1 Kb8 60. Kb4 $1 Ka8 61. Ka4 Kb8
62. Ka5 $1 Ka8 63. Ka6 Kb8 64. b7 h4 65. Ka5 $1 Kc7 66. b8=Q+ $1 {
White wins the pawn ending.} 1-0

[Event "Biel"]
[Site "20"]
[Date "1987.07.19"]
[Round "5"]
[White "Gulko, Boris"]
[Black "Lobron, Eric"]
[Result "1-0"]
[WhiteElo "2565"]
[BlackElo "2530"]
[Annotator "JvR"]
[PlyCount "81"]
[EventDate "1987.07.??"]
[SourceDate "2013.10.27"]

1. d4 Nf6 2. c4 e6 3. Nf3 c5 4. d5 exd5 5. cxd5 d6 6. Nc3 g6 7. Nd2 Nbd7 8. e4
Bg7 9. Nc4 Nb6 10. Ne3 O-O 11. Bd3 Nbd7 12. O-O Ne5 $5 ({The alternative is} 
12... a6) 13. Be2 Re8 14. Bd2 a6 15. a4 Rb8 16. a5 g5 $1 17. b3 g4 $5 18. Qc2
Kh8 $5 19. Nc4 Nh5 20. Rae1 $6 Rg8 $6 (20... Nxc4 21. bxc4 Qxa5 {gains a pawn.}
) 21. Kh1 $6 Nxc4 22. bxc4 Qxa5 23. f4 {
White has an attack in the centre for a pawn.} Qd8 24. g3 Re8 25. Bd3 $5 h6 $5
26. e5 $1 b5 27. Ne4 $1 dxe5 28. fxe5 bxc4 29. Nd6 $5 (29. Bxc4 $1 Rxe5 30. Bc3
Rf5 31. Nd6 $1 {favours White.}) 29... cxd3 30. Nxf7+ Kg8 31. Qxd3 c4 $1 32.
Qe4 $1 Nf6 $2 ({Right is} 32... Qd7 $1 33. e6 $1 Bb7 $1 34. Nxh6+ $1 Bxh6 35.
Qg6+ Qg7 36. Qf7+ Kh7 37. Qxh5 Bxd5+ $1 38. Qxd5 Bxd2 39. Qxd2 Rb2 {
and Black fights for survival.}) 33. Nxh6+ $1 Bxh6 34. Qg6+ Kh8 ({The pointe is
} 34... Bg7 35. exf6 Qxd5+ 36. Kg1 {and White wins.}) 35. Bxh6 Qxd5+ 36. Kg1
Rg8 37. Qxf6+ Kh7 38. Qh4 Rg6 39. e6 Rxh6 40. Qe7+ Kg6 41. Rf6+ {
Lobron will be mated.} 1-0

[Event "Biel"]
[Site "20"]
[Date "1987.07.22"]
[Round "7"]
[White "Polgar, Zsuzsa"]
[Black "Campora, Daniel"]
[Result "0-1"]
[WhiteElo "2485"]
[BlackElo "2545"]
[Annotator "JvR"]
[PlyCount "160"]
[EventDate "1987.07.??"]
[SourceDate "2013.10.27"]

1. d4 d5 2. Nf3 Nf6 3. c4 e6 4. Nc3 Be7 5. Bg5 h6 6. Bxf6 Bxf6 7. e3 O-O 8. Qb3
c6 9. Rd1 Nd7 10. Bd3 g6 11. O-O Bg7 12. cxd5 $5 ({Known is} 12. Rfe1) 12...
exd5 13. e4 $5 {Zsuzsa wants action.} dxe4 14. Nxe4 Nb6 15. Nc5 Qd5 16. Qxd5
Nxd5 17. Ne5 Rd8 18. Bc2 g5 19. Rfe1 f6 20. Nc4 Kf7 21. Ne3 b6 22. Nxd5 Rxd5 $6
23. Nd3 $2 (23. Ba4 $1 Rd8 24. Bxc6 {gains a pawn.}) 23... Rd6 $6 {
Black could have captured pawn d4.} 24. Bb3+ Kf8 25. d5 c5 26. f4 Bf5 27. fxg5
hxg5 28. Nf2 b5 29. g4 Bg6 30. Rd2 $2 (30. Ne4 Bxe4 31. Rxe4 f5 32. gxf5 Bxb2
33. a4 {makes useful exchanges.}) 30... Rad8 31. a4 a6 32. axb5 axb5 33. Ne4
Bxe4 34. Rxe4 c4 35. Bc2 f5 $1 {He wants pawn b2.} 36. gxf5 Rxd5 37. Rg2 Rd2
38. Ree2 Rxe2 39. Rxe2 Bxb2 $1 40. Kg2 Bf6 41. Re6 Kf7 42. Be4 b4 43. Rb6 b3
44. Rb4 b2 45. Rxc4 Re8 46. Bd3 Re3 47. Bb1 Re1 48. Bd3 b1=Q 49. Bxb1 Rxb1 {
Black has gained a piece in the endgame.} 50. h4 $5 gxh4 {
He has to avoid the exchange of rooks.} 51. Rf4 Bg5 52. Rf2 Kf6 53. Rf3 Ke5 54.
Rf2 Be3 55. Re2 Ke4 56. f6 Rb6 57. Ra2 Rxf6 58. Ra4+ Bd4 59. Kh3 Rf4 60. Ra3
Kf5 61. Ra8 Rf3+ $1 62. Kg2 Rd3 63. Rf8+ Bf6 64. Kh2 Kg6 65. Rg8+ Kh5 66. Re8
Kg4 67. Re1 Bg5 68. Rg1+ Kf5 69. Kg2 Bf4 70. Rb1 Kg4 71. Rg1 Bg3 72. Kh1 Kh3
73. Rg2 Rd1+ 74. Rg1 Rd2 75. Rg2 Bf2 76. Rh2+ Kg4 77. Rg2+ Kf3 78. Kh2 Rd1 79.
Kh3 Rb1 80. Rh2 Bg3 $1 {Campora scored well during the first cycle.} 0-1

[Event "Biel"]
[Site "20"]
[Date "1987.07.24"]
[Round "9"]
[White "Gulko, Boris"]
[Black "Campora, Daniel"]
[Result "1-0"]
[WhiteElo "2565"]
[BlackElo "2545"]
[Annotator "JvR"]
[PlyCount "65"]
[EventDate "1987.07.??"]
[SourceDate "2013.10.27"]

1. d4 d5 2. c4 e6 3. Nf3 Be7 4. g3 Nf6 5. Bg2 O-O 6. Qc2 c6 7. O-O b5 8. c5 a5
9. Nbd2 Nbd7 10. e4 Nxe4 11. Nxe4 dxe4 12. Qxe4 Ra6 $5 ({Known is the active} 
12... Nf6 13. Qc2 Nd5) 13. Re1 Re8 14. h4 Nf6 15. Qc2 Nd5 16. a4 b4 17. Ne5 Qc7
$6 ({Preferable is} 17... Bb7 $1 18. Bd2 Qc7 19. Be4 Nf6 $1) 18. Be4 g6 $2 (
18... h6 $6 19. Bh7+ Kf8 20. Bd3 Ra8 21. Nxc6 $1 {costs a pawn}) ({Better is} 
18... Nf6 $1 19. Bd3 Ra7) 19. h5 $1 Bf6 20. hxg6 hxg6 21. Bxg6 $1 fxg6 ({Or} 
21... Bxe5 22. Rxe5 fxg6 23. Qxg6+ Kf8 24. Rf5+ $1 exf5 25. Bh6+ Ke7 26. Re1+)
22. Qxg6+ Kf8 23. Re4 $5 ({The alternative is} 23. Bh6+ Ke7 24. Re4 $1) 23...
Ke7 24. Bg5 $1 Rf8 25. Rf4 Qd8 26. Rxf6 Nxf6 27. Re1 Qd5 28. Qg7+ Ke8 29. Bxf6
Ra7 30. Qg6+ Raf7 31. Nxf7 Rxf7 32. Re5 $1 Qf3 33. Qg8+ {
Gulko had his revenge for the previous loss. Campora lost the lead.} ({
The pointe is} 33. Qg8+ Rf8 34. Rxe6+ $1 Bxe6 35. Qxe6#) 1-0

[Event "Biel"]
[Site "20"]
[Date "1987.07.26"]
[Round "11"]
[White "Chandler, Murray"]
[Black "Huebner, Robert"]
[Result "1-0"]
[WhiteElo "2575"]
[BlackElo "2610"]
[Annotator "JvR"]
[PlyCount "53"]
[EventDate "1987.07.??"]
[SourceDate "2013.10.27"]

1. e4 c6 2. d4 d5 3. Nd2 dxe4 4. Nxe4 Nd7 5. Ng5 Ngf6 6. Bd3 e6 7. N1f3 h6 8.
Nxe6 Qe7 9. O-O fxe6 10. Bg6+ Kd8 11. Bf4 Nd5 $5 {
The piece sacrifice has resulted in a difficult position for Black.} (11... Qb4
12. a3 Qxb2 13. Qe2 {was played in Geller - Meduna, Sochi 1986.}) 12. Bg3 $1
Qb4 13. Re1 Be7 (13... Qxb2 14. c4 Nc3 15. Qd3 {favours White.}) 14. Qe2 (14.
a3 Qxb2 15. c4 Nc3 16. Qd3 {won in Schlosser - Kholmov, Sochi 1989.}) 14... Bf6
15. c4 $1 Ne7 {Black has a crammed game.} 16. a3 $1 Qb3 $2 ({Preferable is} 
16... Qb6 17. Bc2 Ke8) 17. Bd3 $5 (17. Bc2 $1 Qxb2 18. Qd2 Qb6 19. Rxe6 {
wins for White.}) 17... Nf5 18. Bxf5 exf5 19. Qe6 $1 Qb6 20. c5 Nxc5 21. Qd6+
Nd7 22. Ne5 Bxe5 23. Rxe5 $1 Re8 24. Rxe8+ Kxe8 25. Re1+ Ne5 ({Or} 25... Kf7
26. Qe6+ Kf8 27. Qe8#) 26. Rxe5+ Kf7 27. Re7+ {
Hübner lost again in a spectacular game.} 1-0

[Event "Biel"]
[Site "20"]
[Date "1987.07.29"]
[Round "13"]
[White "Gulko, Boris"]
[Black "Huebner, Robert"]
[Result "1-0"]
[WhiteElo "2565"]
[BlackElo "2610"]
[Annotator "JvR"]
[PlyCount "131"]
[EventDate "1987.07.??"]
[SourceDate "2013.10.27"]

1. d4 Nf6 2. c4 c6 3. Nc3 d5 4. e3 e6 5. Nf3 Nbd7 6. Bd3 Bb4 7. O-O O-O 8. Qc2
Qe7 9. a3 dxc4 10. Bxc4 Bd6 11. h3 e5 12. Ba2 b6 $5 13. Re1 Ba6 14. e4 $1 exd4
15. Nxd4 Qe5 16. Nf3 Qh5 17. Qd1 $1 Be5 $1 18. Nxe5 Nxe5 19. Qxh5 Nxh5 {
White has the two bishops.} 20. Rd1 Nd3 21. b4 Rad8 22. Bg5 Rd7 23. Rd2 h6 24.
Be3 Rfd8 25. Rad1 Nf6 26. Bb3 Ne5 27. f4 Rxd2 28. Rxd2 Rxd2 29. Bxd2 Nd3 $1 30.
g4 {He controls more territory in the endgame.} Ne8 31. Bc2 $1 Bc4 32. Ba4 b5
33. Bc2 Nc7 34. Be3 a6 35. Kh2 f6 36. Kg3 Ne6 37. h4 $1 g5 $2 (37... Kf7 38. g5
hxg5 39. hxg5 Nb2 {keeps the centre closed.}) 38. Bxd3 $1 Bxd3 39. hxg5 hxg5
40. f5 $1 Nc7 ({Gulko has prepared} 40... Nf8 41. e5 $1) 41. Bb6 Ne8 42. Bc5
Kf7 43. Kf3 Nc7 44. Bd6 Na8 45. Bc5 Nc7 46. Ke3 Bf1 47. Nd1 Ke8 48. Kd4 Kd7 49.
Bb6 Ne8 50. e5 $1 fxe5+ (50... Ke7 51. Bc5+ Kd8 52. Nf2 Bg2 53. Ne4 fxe5+ 54.
Kxe5 Bxe4 55. Kxe4 Nf6+ 56. Ke5 Nxg4+ 57. Ke6 {wins for White.}) 51. Kxe5 Be2
52. Nf2 $1 Nd6 53. Kf6 $1 Nc4 54. Bc5 a5 55. Kg7 axb4 56. axb4 Ne5 57. Bd4 Nf3
58. Bc3 c5 59. bxc5 Kc6 60. f6 Bc4 61. Nd3 b4 62. Ne5+ $1 Nxe5 63. Bxe5 Kxc5
64. f7 Bxf7 65. Kxf7 Kd5 66. Bb2 {Gulko kept the lead.} 1-0

[Event "Biel"]
[Site "20"]
[Date "1987.07.29"]
[Round "13"]
[White "Romanishin, Oleg"]
[Black "Lobron, Eric"]
[Result "1-0"]
[WhiteElo "2555"]
[BlackElo "2530"]
[Annotator "JvR"]
[PlyCount "75"]
[EventDate "1987.07.??"]
[SourceDate "2013.10.27"]

1. Nf3 d5 2. d4 Nf6 3. c4 e6 4. g3 c5 5. Bg2 Nc6 6. O-O Be7 7. dxc5 Bxc5 8. a3
O-O 9. b4 Bb6 10. Bb2 Qe7 11. Nbd2 Rd8 $5 12. Qc2 h6 $6 (12... Bd7 $1 13. Rac1
Rac8 {develops the queenside.}) 13. Rad1 a6 $6 ({Preferable is} 13... Bd7 14.
Rfe1 Rac8 15. c5 Bc7 16. e4 Be8) 14. e4 $1 dxc4 $5 ({Or} 14... Nxe4 15. Nxe4
dxe4 16. Rxd8+ Nxd8 17. Qxe4 Bd7 {(Makarychev).}) 15. Nxc4 Rxd1 16. Rxd1 Ba7 $6
(16... Bc7 $5 17. Nfe5 Bd7 18. Nxd7 Nxd7 {defends properly.}) 17. Nfe5 $1 Nxe5
18. Nxe5 {The black queenside has been restricted.} Bb6 19. Bd4 $1 {
A main defender is exchanged.} Bxd4 20. Rxd4 Kf8 21. Qd2 Ke8 22. Bf3 $1 Bd7 $2
(22... Qc7 23. Qf4 b5 {tries to survive.}) 23. Bh5 $1 g6 24. Qxh6 gxh5 25. Qh8+
Qf8 26. Qxf6 Bb5 27. a4 $1 Bxa4 28. Nc4 $1 Bc6 29. Nd6+ Kd7 30. Nxb7+ Kc7 31.
Na5 Bb5 32. Qe5+ Kc8 33. Nc4 Bxc4 34. Rxc4+ Kd8 35. Qc7+ Ke8 36. Rd4 Qh8 37. e5
Kf8 38. Rd8+ {White exchanges the pieces and wins a pawn ending. Romanishin
chased Gulko. Both players drew quickly in the last round. The final standings
became: Gulko 9/14, Romanishin 81/2, Campora 8, Chandler and Hort 71/2, Hübner
51/2, Lobron and Z.Polgar 5.} 1-0

[Event "Biel Scheveningen"]
[Site "20-B"]
[Date "1987.07.??"]
[Round "?"]
[White "Costa, Jean Luc"]
[Black "Polgar, Judit"]
[Result "0-1"]
[WhiteElo "2320"]
[BlackElo "2355"]
[Annotator "JvR"]
[PlyCount "44"]
[EventDate "1987.07.??"]
[EventType "schev"]
[SourceDate "2013.10.27"]

{Six men played double rounds against six females in a special group. The
participant Judit Polgar became 11-years-old during the tournament. She won a
brilliancy prize for the following game.} 1. d4 Nf6 2. c4 c5 3. Nf3 cxd4 4.
Nxd4 e5 5. Nb5 d5 6. cxd5 Bc5 7. N5c3 O-O 8. g3 Ng4 9. e3 f5 10. Bg2 $5 {
Judit has sacrificed a pawn for the attack.} ({Known is} 10. Be2) 10... f4 $6
11. h3 $2 (11. Bf3 $1 {chases a knight in a better way.}) 11... Nxf2 $1 12.
Kxf2 fxe3+ 13. Ke1 Rf2 14. Rg1 $2 ({Better is} 14. d6 $1 Kh8 15. Qd5 Na6) 14...
Qf8 $1 15. Qd3 $5 Na6 $1 16. a3 Bf5 17. Be4 Bxe4 18. Qxe4 ({Or} 18. Nxe4 e2 19.
Nbd2 Rh2 $1 20. Nf3 Bxg1 21. Neg5 e4 22. Qxe4 Bf2+ 23. Kxe2 Re8) 18... Bd4 19.
Bxe3 $5 (19. b4 Rc8 20. Bxe3 Rxc3 21. Nxc3 Bxc3+ 22. Kd1 Bxa1 23. Bxf2 Qxf2 {
also wins for Black.}) 19... Nc5 $1 20. Bxd4 exd4 21. Qxd4 Re8+ 22. Kd1 Qf3+ {
Judit was the centre of attention.} ({The pointe is} 22... Qf3+ 23. Kc1 Nb3#)
0-1